Score 0/20 Timer 03:00
4 Plays Today
Animated Duo Missing Character % Correct
Beauty and the _______Beast
98%
Tom and _______Jerry
97.5%
Lilo & _______Stitch
97.3%
Batman and _______Robin
97%
Beavis and _______Butt-head
92.3%
Chip 'n' _______Dale
88.8%
Gnomeo & _______Juliet
84%
Pinky and the _______Brain
80.8%
Wallace and _______Gromit
78.4%
Ren & _______Stimpy
76.5%
Animated Duo Missing Character % Correct
Itchy & _______Scratchy
76.1%
Rocky and _______Bullwinkle
75.9%
Phineas and _______Ferb
75.6%
Sylvester and _______Tweety
71.6%
Heckle and _______Jeckle
39.5%
Mutt and _______Jeff
30.1%
Terrance and _______Phillip
27.2%
Max and _______Ruby
22.6%
Davey & _______Goliath
17.8%
Ruff & _______Reddy
15.9%

Today's Daily Dose

Remove Ads.
Support Sporcle.
Get the best of Sporcle when you Go Orange. This ad-free experience offers more features, more stats, and more fun while also helping to support Sporcle. Thank you for becoming a member.

You're not logged in!

Compare scores with friends on all Sporcle quizzes.
OR
Log In

Show Comments

Extras

Top Quizzes Today


Score Distribution

Your Account Isn't Verified!

In order to create a playlist on Sporcle, you need to verify the email address you used during registration. Go to your Sporcle Settings to finish the process.

Report this User

Report this user for behavior that violates our Community Guidelines.

Details: